| 000 | 00433 a2200097 4500 | ||
|---|---|---|---|
| 245 | 0 | 0 |
_aMetody pomiarów odbiorników radiofonicznych różnych rodzajów emisji - Postanowienia ogólne i metody pomiarów wraz z pomiarami parametrów małej częstotliwości PN-90/T-04500.01 / _cMin. Przemysłu. |
| 246 | 1 | 3 | _aPN-90/T-04500.01 |
| 246 | 1 | 3 | _a621.396.62.001.2 |
| 260 |
_aWarszawa : _bMin. Przemysłu, _c1990. |
||
| 300 |
_a24 stron ; _c30 cm. |
||
| 650 | _aPolska norma | ||
| 999 |
_c20150 _d20150 |
||